• 首页
  • 本馆介绍
  • 公告通知
  • 最新文献
  • 馆藏检索
  • 电子资源
  • 读者导购
  • 参考咨询
  • 我的图书馆
  • 登录
  • 详细信息显示
  • 放入我的书架
  • 预约/预借图书
  • 作者相关作品
  • 分类相关作品
  • 丛书相关作品
  • 出版社相关作品

书目信息

  • 表格格式
  • 工作单格式
  • 卡片格式
题名:
统计学原理
    
 
作者: 唐芳 主编
分册:  
出版信息: 上海   上海财经大学出版社  2009
页数: 242页
开本: 23cm
丛书名: 新世纪高职高专经济管理类系列教材
单 册:
中图分类: C8
科图分类:
主题词: 统计学--Tong Ji Xue--高等学校--技术学校--教材
电子资源:
ISBN: 978-7-81098-800-1
000 00878nam 2200253 450
001 340597
005 20150625164207.18
010    @a978-7-81098-800-1@dCNY22.00
100    @a20070315d2007 ekmy0chiy0121 ea
101 0  @achi
102    @aCN@b310000
105    @aak z 000yy
106    @ar
200 1  @a统计学原理@ATong Ji Xue Yuan Li@f唐芳主编
210    @a上海@c上海财经大学出版社@d2009
215    @a242页@c图@d23cm
225 2  @a新世纪高职高专经济管理类系列教材@AXin Shi Ji Gao Zhi Gao Zhuan Jing Ji Guan Li Lei Xi Lie Jiao Cai
330    @a本书是一部统计学教材。主要介绍了统计调查、统计整理、综合指标、动态分析、指数分析、抽样推断等内容。
410  0 @12001 @a新世纪高职高专经济管理类系列教材
606 0  @a统计学@ATong Ji Xue@x高等学校@x技术学校@j教材
690    @aC8@v5
701  0 @a唐芳@ATang Fang@4主编
801  0 @aCN@b卓展宏图@c20150525
905    @dC8@e119@f2
    
    统计学原理/唐芳主编.-上海:上海财经大学出版社,2009
    242页:图;23cm.-(新世纪高职高专经济管理类系列教材)
    
    
    ISBN 978-7-81098-800-1:CNY22.00
    本书是一部统计学教材。主要介绍了统计调查、统计整理、综合指标、动态分析、指数分析、抽样推断等内容。
●
相关链接 在E读中查询图书 在五车中查询图书 在当当中查询图书 在豆瓣中查询图书


正题名:统计学原理     索取号:C8/119         预约/预借

序号 登录号 条形码 馆藏地/架位号 状态 备注
1 866310   208663105   第一样本阅览室/ [索取号:C8/119] 在馆    
2 866311   208663114   第一借阅区/ [索取号:C8/119] 在馆    
唐山师范学院图书馆 欢迎您!
大连网信软件有限公司© 版权所有